000 01135nam a22003137a 4500
003 CHAP
005 20220329133113.0
008 971013s1991 r 00010 d
010 _a2197
011 _a3169
035 _a2369
040 _cCHAP
090 _aTesis
100 0 0 _aHuerta Lara, Manuel.
_956683
245 _aSupervivencia del agente causal del tizón común del frijol, Xanthomonas campestris pv. phaseoli (E.F.S.M.) Downs, en suelo y en la rizósfera de algunas malezas en Chapingo, Edo. de México, México
260 _aChapingo, Méx. :
_bEl Autor,
_c1991
300 _a49 h.
_b: ilus.
500 _aD44-232
502 _aTesis (Ing. Agr. Esp. en Parasitología Agrícola) -- UACH. Departamento de Parasitología Agrícola
590 _aALEPH
_b10
_c20130110
_lUCH01
_h1212
590 _aBATCH-UPD
_b10
_c20130110
_lUCH01
_h1922
590 _aCONVERSION
_b10
_c20130109
_lUCH01
_h1302
650 1 4 _aFrijol
_xEnfermedades por bacterias.
_943368
650 1 4 _aMalas hierbas.
_969996
650 1 4 _aXanthomonas phaseoli.
_9122888
901 _aBK
942 _cTESIS
949 _bBC
_cTES
_d-11869
_eTS1
_h24429
_i2369
_si
999 _c2197
_d2197